[Event "Niksic"]
[Site "Niksic"]
[Date "1991.??.??"]
[Round "2"]
[White "Todorovic, Goran M"]
[Black "Strikovic, Aleksa"]
[Result "1-0"]
[WhiteElo "2490"]
[BlackElo "2495"]

1.e4 d6 2.d4 Nf6 3.Nc3 e5 4.dxe5 dxe5 5.Qxd8+ Kxd8 6.Nf3 Bd6 7.Bc4 Be6 8.Bxe6 fxe6
9.Bg5 Ke7 10.O-O-O Nc6 11.Rhe1 h6 12.Bh4 g5 13.Bg3 Nh5 14.Ne2 Raf8 15.Rf1 Rhg8
16.Kb1 a6 17.Nc1 Nf4 18.Bxf4 exf4 19.h3 h5 20.Nd3 g4 21.hxg4 hxg4 22.Nd2 Rh8
23.Rh1 e5 24.c3 Ke6 25.g3 fxg3 26.fxg3 Nb8 27.Rxh8 Rxh8 28.Nf2 Nd7 29.Nxg4 Rg8
30.Nh6 Rxg3 31.Nf5 Rg6 32.Nxd6 Kxd6 33.Nf3+ Ke6 34.Rxd7  1-0

[Event "Nimes op"]
[Site "Nimes"]
[Date "1991.??.??"]
[Round "4"]
[White "Epishin, Vladimir"]
[Black "Bologan, Viktor"]
[Result "0-1"]
[WhiteElo "2620"]
[BlackElo "2510"]

1.d4 d6 2.e4 Nf6 3.Nc3 e5 4.dxe5 dxe5 5.Qxd8+ Kxd8 6.Nf3 Bd6 7.Bg5 Be6 8.O-O-O Nd7
9.Bxf6+ gxf6 10.Nd5 Kc8 11.Bc4 Bc5 12.Bb3 Bxf2 13.Rhf1 Bc5 14.Nd2 Bxd5 15.Bxd5 Rf8
16.Rf3 c6 17.Bb3 Kc7 18.Rh3 Rg8 19.Rxh7 Rxg2 20.Nf3 Be3+ 21.Kb1 Nc5 22.Rxf7+ Kb6
23.Rxf6 Bf4 24.c3 Nxe4 25.Rf5 Rh8 26.Bc2 Nf2 27.Rd7 Rh3 28.Rff7 Rxf3 29.Rxb7+ Kc5
30.a4 Nd3 31.Bxd3 Rxd3 32.Rf6 Rd1+ 33.Ka2 Rd6 34.Rf5 a5 35.h4 Rh6 36.Ra7 Rxh4
37.Rxa5+ Kc4 38.Ra6 c5  0-1

[Event "Nimes op"]
[Site "Nimes"]
[Date "1991.??.??"]
[Round "9"]
[White "Smagin, Sergey"]
[Black "Sokolov, Andrei"]
[Result "1/2-1/2"]
[WhiteElo "2550"]
[BlackElo "2360"]

1.e4 d6 2.d4 Nf6 3.Nc3 e5 4.Nf3 Nbd7 5.Bc4 Be7 6.O-O O-O 7.a4 c6 8.Ba2 a5
9.h3 exd4 10.Nxd4 Nc5 11.Re1 Qb6 12.Nb3 Nxb3 13.Bxb3 Nd7 14.Bf4 Nc5 15.Bxd6 Bxd6
16.Qxd6 Nxb3 17.cxb3 Qxb3 18.Re3 Qb4 19.Rd1 Be6 20.Red3 Rfe8 21.R1d2 f6 22.Qg3 Qe7
23.e5 fxe5 24.Qxe5 Bc4 25.Qxe7 Rxe7 26.Rd4 Bb3 27.Rd8+ Re8 28.R8d7 Rab8 29.f3 Be6
30.R7d4 b5 31.Kf2 c5 32.Rd6 b4 33.Nd5 Bxd5 34.R6xd5 c4 35.Rxa5 c3 36.bxc3 bxc3
37.Rc2 Rb2 38.Rxb2 cxb2 39.Rb5 Ra8 40.Rxb2 Rxa4 41.Rb5 Ra2+ 42.Kg3 Kf7 43.h4 Rc2
44.h5 h6 45.Rf5+ Kg8 46.Kh3 Ra2 47.g3 Ra4 48.f4 Ra3 49.Kg4 Rb3 50.Ra5 Kf7
51.Ra2 Rc3 52.Rf2 Kf6 53.Rf3 Rc5 54.Ra3 Rb5 55.Kh4 Rc5 56.g4 Rc4 57.Kg3 Rb4
58.Kf3 Rc4 59.Rd3 Ra4 60.Ke3 Ra1 61.Rd6+ Kf7 62.Ke4 Ra5 63.Rd5 Ra6 64.Ke5 Ra4
65.Kf5 Ra6 66.Rc5 Rf6+ 67.Ke4 Re6+ 68.Kd5 Re1 69.g5 hxg5 70.fxg5 Rd1+ 71.Ke5 Re1+
72.Kd6 Re6+ 73.Kd5 Re8 74.Rc7+ Kg8 75.Kd6 Re1 76.Rc5 Rh1 77.Ke6 Kh7 78.Rc8 Re1+
79.Kd6 Rd1+ 80.Ke5 Re1+ 81.Kf4 Rf1+ 82.Ke4 Re1+ 83.Kf3 Rf1+  1/2-1/2

[Event "Oberwart op"]
[Site "Oberwart"]
[Date "1991.??.??"]
[Round "?"]
[White "Moiseev, Viktor"]
[Black "Hassabis, Demis"]
[Result "1-0"]
[WhiteElo "2480"]
[BlackElo "2285"]

1.e4 d6 2.d4 Nf6 3.Nc3 c6 4.f4 Qa5 5.Bd3 e5 6.Nf3 exd4 7.Nxd4 Be7 8.O-O O-O
9.Kh1 Re8 10.Qe1 Bf8 11.Bd2 Qc7 12.Qh4 Nbd7 13.Nf3 Nc5 14.Rae1 Nxd3 15.cxd3 h6
16.f5 Qd8 17.g4 Nh7 18.g5 Be7 19.f6 gxf6 20.gxh6 Kh8 21.Rg1 f5 22.Qh5 Rf8
23.Rg7 fxe4 24.Nxe4 Be6 25.Bc3 Nf6 26.Qg5 Bg4 27.Rh7+  1-0

[Event "Oberwart op"]
[Site "Oberwart"]
[Date "1991.??.??"]
[Round "?"]
[White "Gyorkos, Lajos"]
[Black "Hassabis, Demis"]
[Result "1-0"]
[WhiteElo "2440"]
[BlackElo "2285"]

1.d4 d6 2.e4 Nf6 3.Nc3 c6 4.Nf3 Bg4 5.Be2 e6 6.Be3 Be7 7.Nd2 Bxe2 8.Qxe2 Qc7
9.O-O Nbd7 10.a4 O-O 11.f3 Rfe8 12.Rfd1 Rad8 13.Nf1 a5 14.Qf2 Nb6 15.b3 d5
16.e5 Nfd7 17.f4 f5 18.Bd2 Nb8 19.Ne3 Kh8 20.Qe2 g6 21.Kh1 Rg8 22.g4 Rg7
23.Rg1 Rdg8 24.Rg2 Qd8 25.Rag1 N6d7 26.Ncd1 b6 27.c4 Qf8 28.Nf2 Qf7 29.Nd3 Qf8
30.g5 Na6 31.h4 Qe8 32.h5 Nf8 33.h6 Rf7 34.cxd5 cxd5 35.Nxd5 Bxg5 36.fxg5 exd5
37.Nf4 Nc7 38.e6 Nfxe6 39.Qe5+ Ng7 40.hxg7+ Rfxg7 41.Re1 Qf7 42.Rge2 Rd8
43.b4 axb4 44.Bxb4 Kg8 45.Be7  1-0

[Event "URS Army-ch"]
[Site "Odessa"]
[Date "1991.??.??"]
[Round "?"]
[White "Odeev, Handszar"]
[Black "Deuch, Y."]
[Result "1/2-1/2"]
[WhiteElo "2315"]
[BlackElo "2300"]

1.e4 d6 2.d4 Nf6 3.Nc3 c6 4.Nf3 Bg4 5.h3 Bh5 6.Bg5 Qa5 7.Qd2 Nbd7 8.Be2 b5
9.b4 Qxb4 10.O-O Qa5 11.d5 b4 12.dxc6 bxc3 13.cxd7+ Nxd7 14.Qd5 Qxd5 15.exd5 e5
16.Bb5 Be7 17.Be3 Bd8 18.Bc6 Rb8 19.Bxa7 Rb2 20.Rfe1 Bxf3 21.gxf3 Ke7 22.Re2 Ba5
23.f4 f6 24.a4 Rb4 25.Ree1 Rb2 26.Re2 Kd8 27.Kh2 g6 28.Be3 Kc7 29.Bb5 Nb6
30.fxe5 fxe5 31.Rd1 Rf8 32.f4 Nd7 33.fxe5 Nxe5 34.Bd4 Nf3+ 35.Kg3 Nxd4 36.Rxd4 Bb6
37.Rf4 Rxf4 38.Kxf4 Bd4 39.Re7+ Kb6 40.Bd3 Be5+ 41.Kf3 Rb4  1/2-1/2

[Event "URS Army-ch"]
[Site "Odessa"]
[Date "1991.??.??"]
[Round "?"]
[White "Gogichaishvili, Giorgi"]
[Black "Belikov, Vladimir"]
[Result "1-0"]
[WhiteElo "2380"]
[BlackElo "2415"]

1.e4 d6 2.d4 Nf6 3.Nc3 c6 4.g3 e5 5.Bg2 Nbd7 6.Nge2 b5 7.a3 Be7 8.O-O Bb7
9.h3 a5 10.b3 O-O 11.Bb2 Re8 12.Re1 Bf8 13.Qd2 exd4 14.Nxd4 b4 15.axb4 axb4
16.Na4 c5 17.Nf5 Nxe4 18.Qf4 Ndf6 19.f3 Nc3 20.Nxc3 Rxa1 21.Rxa1 bxc3 22.Bxc3 Nd5
23.Qg4 g6 24.Bb2 Bc8 25.Qc4 Be6 26.f4 Nf6 27.Qc3 Bxf5 28.Ra8 Bg7 29.Rxd8 Rxd8
30.g4 Be6 31.f5 gxf5 32.gxf5 Bxf5 33.Qf3 Be4 34.Qf4  1-0

[Event "URS Army-ch"]
[Site "Odessa"]
[Date "1991.??.??"]
[Round "?"]
[White "Nenashev, Alexander"]
[Black "Belikov, Vladimir"]
[Result "1-0"]
[WhiteElo "2415"]
[BlackElo "2415"]

1.d4 d6 2.e4 Nf6 3.Nc3 c6 4.f4 Qa5 5.Bd3 e5 6.dxe5 dxe5 7.Nf3 Bg4 8.O-O Nbd7
9.Qe1 Bxf3 10.Rxf3 exf4 11.Bxf4 Ne5 12.Bxe5 Qxe5 13.Rf5 Qd4+ 14.Kh1 Nd7 15.Rd1 f6
16.Nb5 Qb6 17.a4 a5 18.b4 Ne5 19.Qf1 Be7 20.bxa5 Rxa5 21.Rxe5 fxe5 22.Bc4 Rf8
23.Qd3 Qd8 24.Qe2 cxb5 25.Rxd8+ Bxd8 26.Bxb5+ Ke7 27.Qd3 g6 28.Qd7+ Kf6 29.Qxh7 b6
30.h4 Ra8 31.g4 Rf7 32.Qh8+ Ke7 33.g5 Kd6 34.Qg8 Rf4 35.Qd5+  1-0

[Event "Oslo Cup"]
[Site "Oslo"]
[Date "1991.??.??"]
[Round "1"]
[White "Tisdall, Jonathan D"]
[Black "Jansa, Vlastimil"]
[Result "1-0"]
[WhiteElo "2435"]
[BlackElo "2495"]

1.d4 d6 2.e4 Nf6 3.Nc3 c6 4.a4 Qa5 5.f3 e5 6.Ne2 Nbd7 7.g4 h6 8.Bg2 d5 9.exd5 Nxd5
10.O-O Nxc3 11.Nxc3 Be7 12.Ne4 O-O 13.Bd2 Qb6 14.Bc3 a5 15.Kh1 Rd8 16.f4 exf4
17.Rxf4 Nf8 18.Qf3 Be6 19.Rf1 f6 20.Rxf6 gxf6 21.Nxf6+ Bxf6 22.Qxf6 Rd5 23.Qxh6 Qd8
24.Rxf8+ Qxf8 25.Qxe6+ Kh8 26.g5 Re8 27.Qg4 Kg8 28.h4 Qf5 29.Bxd5+ Qxd5+
30.Kh2 b6 31.h5 Qd6+ 32.Kg2 Qd5+ 33.Kh2 Qe4 34.Qxe4 Rxe4 35.Kg3 Re2 36.g6 Kg7
37.d5+ Kh6 38.dxc6 Kxh5 39.g7 Re8 40.Kf4 Kg6 41.Be5 Kf7 42.Kf5 Ke7 43.c7 Kd7
44.Kg6  1-0

[Event "Ostrava"]
[Site "Ostrava"]
[Date "1991.??.??"]
[Round "1"]
[White "Tseitlin, Mikhail S"]
[Black "Vokac, Marek"]
[Result "0-1"]
[WhiteElo "2480"]
[BlackElo "2440"]

1.e4 d6 2.d4 Nf6 3.Nc3 c6 4.f4 Qa5 5.Bd2 Qb6 6.e5 Nd5 7.Nf3 Bg4 8.Na4 Bxf3
9.Qxf3 Qxd4 10.c4 dxe5 11.Qb3 Qe4+ 12.Be2 Nb6 13.Nc5 Qg6 14.O-O e6 15.Nxb7 N8d7
16.fxe5 Rb8 17.Nd6+ Bxd6 18.exd6 O-O 19.Rad1 e5 20.Rfe1 e4 21.Qa3 Ne5 22.c5 Nd5
23.b4 f5 24.Qh3 f4 25.Bh5 Qf5 26.Qxf5 Rxf5 27.Rxe4 Rxh5 28.Bxf4 Nxf4 29.Rxf4 Nd7
30.Re1 Nf6 31.h3 Rd5 32.Kh2 Rb7 33.Re3 Kf7 34.g4 h6 35.Kg3 a5 36.bxa5 Rxc5
37.a6 Ra7 38.Ra4 Nd5 39.d7 Rxd7 40.Rf3+ Nf6 41.a7 Rxa7 42.Rxa7+ Kg6 43.h4 h5
44.g5 Ne4+ 45.Kh3 Nd6 46.Raa3 Nb5 47.Rae3 Nd4 48.Rf4 Nf5 49.Ref3 Re5 50.a4 Ne7
51.Rf7 Nd5 52.Rd7 Re4 53.Rd6+ Kh7 54.Ra3 Rg4 55.a5 Nf4+ 56.Kh2 Rxh4+ 57.Kg3 Rh3+
58.Kxf4 Rxa3 59.Rxc6 Rxa5 60.Rc7 Ra4+ 61.Kf5 Ra1 62.Kf4 Rf1+ 63.Kg3 Kg6 64.Kh4 Rh1+
65.Kg3 Rg1+ 66.Kh4 Rg4+ 67.Kh3 Rxg5  0-1

[Event "Pamplona op"]
[Site "Pamplona"]
[Date "1991.??.??"]
[Round "?"]
[White "Arencibia, Walter"]
[Black "Urday, Henry"]
[Result "0-1"]
[WhiteElo "2530"]
[BlackElo "2480"]

1.d4 d6 2.Nc3 Nf6 3.e4 c6 4.f3 e5 5.Be3 Nbd7 6.Nge2 b5 7.Ng3 h5 8.Qd2 h4
9.Nge2 b4 10.Nd1 d5 11.exd5 Nxd5 12.Bf2 h3 13.Ne3 hxg2 14.Bxg2 Qg5 15.Nxd5 Qxd2+
16.Kxd2 cxd5 17.dxe5 Nxe5 18.Rae1 Be6 19.f4 Ng4 20.Bg1 Bd6 21.f5 Bxf5 22.Nd4+ Be4
23.Bxe4 dxe4 24.Rxe4+ Ne5 25.Nf5 O-O-O 26.Kc1 Nc6 27.Nxg7 Be5 28.Nf5 Rh5
29.Nh4 Bf6 30.Ng2 Ra5 31.Ne1 Rxa2 32.Nd3 Ra1+ 33.Kd2 Bxb2 34.Ke2 Bd4 35.Bxd4 Rxh1
36.Bf2 Rxh2 37.Rc4 Kb7 38.Nc5+ Ka8 39.Ne4 Re8 40.Kf1 Ne5 41.Rc7 Ng4 42.Rxa7+ Kb8
43.Rxf7 Rxe4 44.Bg3+ Kc8 45.Bxh2 Nxh2+ 46.Kg2 Re2+ 47.Rf2 Rxf2+ 48.Kxf2 Kc7
49.Ke3 Kc6 50.Kd4 Kb5 51.c4+ Ka6 52.c5 Nf3+ 53.Kc4 Ka5 54.Kd5 b3  0-1

[Event "CSR-ch (Women)"]
[Site "Pardubice"]
[Date "1991.??.??"]
[Round "?"]
[White "Kisova, Petra"]
[Black "Nemcova, Vaclava"]
[Result "1-0"]
[WhiteElo "2145"]
[BlackElo "2070"]

1.e4 d6 2.d4 Nf6 3.Nc3 c6 4.Nf3 Bg4 5.Be2 e6 6.h3 Bh5 7.O-O Be7 8.Re1 d5
9.exd5 Nxd5 10.Ne4 Bg6 11.Bf1 O-O 12.c4 Nf6 13.Nc3 h6 14.Bf4 Na6 15.a3 Nc7
16.Qb3 Qc8 17.Rac1 Rd8 18.Rcd1 Bd6 19.Ne5 Bh7 20.g4 Na6 21.Bg2 Rb8 22.Qa4 b5
23.cxb5 cxb5 24.Nxb5 Bc2 25.Nxd6 Rxd6 26.Qa5 Bxd1 27.Rxd1 Nd5 28.Nxf7 Nxf4
29.Nxd6 Qc2 30.Qd2 Ne2+ 31.Kf1 Rxb2 32.Qxc2 Rxc2 33.Be4 Rb2 34.Bd3 Nc3 35.Rc1 Nd5
36.Rc8+  1-0

[Event "CSR-chJ"]
[Site "Pardubice"]
[Date "1991.??.??"]
[Round "?"]
[White "Polak, Tomas"]
[Black "Pribyl, Martin"]
[Result "1-0"]
[WhiteElo "2330"]
[BlackElo "2315"]

1.e4 d6 2.d4 Nf6 3.Nc3 c6 4.Nf3 Bg4 5.Be2 e6 6.Be3 Be7 7.h3 Bh5 8.O-O d5
9.e5 Nfd7 10.Nd2 Bxe2 11.Nxe2 c5 12.c3 Nc6 13.f4 g6 14.Nf3 h5 15.g4 hxg4
16.hxg4 c4 17.b4 b5 18.a4 a6 19.Kg2 Nb6 20.a5 Na4 21.Qc2 Kd7 22.Rh1 Nxc3
23.Nxc3 Bxb4 24.Ng5 Qe7 25.Nh7 Bxc3 26.Nf6+ Kc7 27.Qxc3 b4 28.Qb2 Rxh1 29.Rxh1 Nxa5
30.f5 gxf5 31.Bg5 Qf8 32.Rh7 Kc6 33.gxf5 Kb5 34.fxe6 fxe6 35.Rc7 Rc8 36.Bh6 Qd8
37.Rd7 Qh8 38.Rh7 Qd8 39.Rd7 Qh8 40.Nxd5 Rg8+ 41.Kf3 exd5 42.Rxd5+ Kc6 43.Rd6+ Kb5
44.Rd5+ Kc6 45.Rc5+ Kd7 46.e6+ Kd8 47.Qxb4 Qf6+ 48.Bf4 Rg1 49.Qb8+ Ke7 50.Qd6+  1-0

[Event "CSR-chJ"]
[Site "Pardubice"]
[Date "1991.??.??"]
[Round "?"]
[White "Talla, Vladimir"]
[Black "Pribyl, Martin"]
[Result "0-1"]
[WhiteElo "2290"]
[BlackElo "2315"]

1.e4 d6 2.d4 Nf6 3.Nc3 c6 4.f4 Qa5 5.Bd2 e5 6.Nd5 Qd8 7.Nxf6+ Qxf6 8.dxe5 dxe5
9.Nf3 exf4 10.e5 Qg6 11.Bd3 Qxg2 12.Rg1 Qh3 13.Bxf4 Bg4 14.Rg3 Qh5 15.Qe2 Nd7
16.O-O-O O-O-O 17.Bc4 Bc5 18.Qe4 Nb6 19.Bd3 Rhe8 20.h3 Bxf3 21.Rxf3 g6 22.Bh2 f5
23.Qe2 Nd5 24.Bc4 Qg5+ 25.Kb1 f4 26.Bxd5 Qxe5 27.Qxe5 Rxe5 28.Rfd3 Rexd5
29.Rxd5 Rxd5 30.Rxd5 cxd5 31.Bxf4 Kd7 32.Kc1 Ke6 33.Kd2 Kf5 34.Bb8 Ke4 35.Ke2 Be3
36.Bd6 Bf4 37.Bc5 a6 38.Bb6 Be5 39.b3 Bd4 40.Bc7 b5 41.Bd6 g5 42.Bc7 h5  0-1

[Event "Podgorica"]
[Site "Podgorica"]
[Date "1991.??.??"]
[Round "1"]
[White "Levacic, Patrick"]
[Black "Andonov, Bogomil"]
[Result "1-0"]
[WhiteElo "2230"]
[BlackElo "2365"]

1.e4 d6 2.d4 Nf6 3.Nc3 Nbd7 4.Nf3 e5 5.Bc4 Be7 6.O-O O-O 7.Re1 c6 8.a4 Qc7
9.a5 Rb8 10.Bb3 b5 11.axb6 axb6 12.Bg5 b5 13.Qe2 Bb7 14.dxe5 dxe5 15.Nh4 g6
16.f4 exf4 17.e5 Rbe8 18.e6 fxe6 19.Qxe6+ Kg7 20.Qxe7+ Rxe7 21.Rxe7+ Kh8
22.Bh6 Rg8 23.Bxg8 Kxg8 24.Rae1 Qd6 25.Nf3 b4 26.Rg7+ Kh8 27.Ng5 Qc5+ 28.Kh1 Qxg5
29.Bxg5 Kxg7 30.Re7+ Kf8 31.Bxf6 Nxf6 32.Rxb7 bxc3 33.bxc3 Nd5 34.Rxh7 Nxc3
35.Rc7 Ne4 36.Rxc6 g5 37.Rc7 Ke8 38.Kg1 Kd8 39.Rg7 Ke8 40.Kf1 Kf8 41.Rc7 g4
42.Ke2 Ng5 43.Rc4  1-0

[Event "Porz op26"]
[Site "Porz"]
[Date "1991.??.??"]
[Round "6"]
[White "Schaefer, Markus"]
[Black "Siebrecht, Sebastian"]
[Result "1-0"]
[WhiteElo "2460"]
[BlackElo "2275"]

1.e4 d6 2.d4 Nf6 3.Nc3 c6 4.f4 Qa5 5.Bd2 Bg4 6.Nf3 Qb6 7.Na4 Bxf3 8.gxf3 Qc7
9.c4 e5 10.d5 Nh5 11.fxe5 dxe5 12.Qc2 cxd5 13.exd5 Nd7 14.O-O-O g6 15.Nc3 Bg7
16.Nb5 Qb6 17.c5 Nxc5 18.Ba5 Nb3+ 19.axb3 Qxa5 20.Qc5 Kd7 21.Qd6+ Kc8 22.Kb1 Bh6
23.Bh3+  1-0

[Event "Porz op26"]
[Site "Porz"]
[Date "1991.??.??"]
[Round "7"]
[White "Kalinitschew, Sergey"]
[Black "Luetke, Jens"]
[Result "1-0"]
[WhiteElo "2430"]
[BlackElo "2320"]

1.d4 d6 2.e4 Nf6 3.Nc3 e5 4.Nf3 Nbd7 5.Bc4 Be7 6.O-O c6 7.a4 Qc7 8.Re1 h6
9.Ba2 g5 10.Qd3 Nf8 11.Qc4 Ne6 12.Be3 b6 13.dxe5 dxe5 14.Nxe5 Qxe5 15.Qxc6+ Kf8
16.Qxa8 Kg7 17.Rad1 Ng4 18.g3 Nxe3 19.Rxe3 Nf4 20.Qc6 Rg8 21.Rd5 Nxd5 22.exd5 Qf6
23.Qxf6+ Bxf6 24.Kg2 Bf5 25.Bb3 h5 26.h3 a6 27.f3 g4 28.hxg4 hxg4 29.f4 Rc8
30.Ne4 Be7 31.c3 b5 32.axb5 axb5 33.Nf2 Bd6 34.Bd1 Rc5 35.Bxg4 Bxg4 36.Nxg4 Rxd5
37.Nf2 Bf8 38.Rd3 Rc5 39.Kf3 Rc6 40.Ng4 b4 41.Ne5 Rc8 42.Rd7 bxc3 43.Rxf7+ Kg8
44.bxc3 Rxc3+ 45.Kg4 Ra3 46.Rd7 Bc5 47.Rd3 Ra6 48.Kf5 Kg7 49.Rd7+ Kg8 50.g4 Ba3
51.g5 Bc1 52.Ng4 Kf8 53.Nf6 Bb2 54.Rd8+  1-0

[Event "Bohemians (Women)"]
[Site "Prague"]
[Date "1991.??.??"]
[Round "2"]
[White "Grinfeld, Alla B"]
[Black "Modrova, Hana"]
[Result "1-0"]
[WhiteElo "2225"]
[BlackElo "2065"]

1.e4 d6 2.d4 Nf6 3.Nc3 c6 4.Bg5 Qa5 5.Qd2 b5 6.Bd3 Na6 7.a3 Qb6 8.Nge2 Nc7
9.Rd1 h6 10.Bh4 g5 11.Bg3 Ne6 12.d5 Nc5 13.dxc6 a6 14.e5 Ng4 15.exd6 exd6
16.Nd4 Ra7 17.Nd5 Nxd3+ 18.Qxd3 Qc5 19.Qe4+ Be7 20.c7 Rxc7 21.Nxc7+ Qxc7
22.Nc6 Ne5 23.Bxe5 dxe5 24.Nxe7 Kxe7 25.Qb4+ Ke6 26.O-O f6 27.Rd2 Rd8 28.Rfd1 Rxd2
29.Rxd2 Bb7 30.Qg4+ f5 31.Qh5 e4 32.Qxh6+ Ke5 33.Qxg5  1-0

[Event "Prague Viktoria"]
[Site "Prague"]
[Date "1991.??.??"]
[Round "5"]
[White "Reich, Thomas"]
[Black "Belaska, Premysl"]
[Result "1-0"]
[WhiteElo "2410"]
[BlackElo "2320"]

1.e4 d6 2.d4 Nf6 3.Nc3 c6 4.f4 Qa5 5.Bd2 Qb6 6.Nf3 Bg4 7.Bd3 Bxf3 8.Qxf3 Qxd4
9.O-O-O Nbd7 10.g4 Nc5 11.Be3 Nxd3+ 12.Rxd3 Qb4 13.e5 dxe5 14.fxe5 Qxg4 15.Nb5 Qc8
16.Nd6+ exd6 17.exf6 Qe6 18.Bd4 O-O-O 19.fxg7 Bxg7 20.Bxg7 Rhg8 21.Re3 Qxa2
22.Ra3 Qe6 23.Bf6 Rde8 24.Rxa7 Kb8 25.Ra3 Rg4 26.Kb1 Reg8 27.Qf2 Rg2 28.Qa7+ Kc8
29.Bc3 c5 30.Rb3 Qe4 31.Qa8+ Kd7 32.Qxb7+ Qxb7 33.Rxb7+ Kc6 34.Rxf7  1-0

[Event "Bohemians (Women)"]
[Site "Prague"]
[Date "1991.??.??"]
[Round "8"]
[White "Kawaciukova, Zuzana"]
[Black "Modrova, Hana"]
[Result "1-0"]
[WhiteElo "2135"]
[BlackElo "2065"]

1.e4 d6 2.d4 Nf6 3.Nc3 c6 4.f4 Qa5 5.Bd2 e5 6.Nd5 Qd8 7.Nxf6+ Qxf6 8.dxe5 dxe5
9.Nf3 exf4 10.e5 Qh6 11.g3 g5 12.Bc4 Be7 13.Qe2 Bg4 14.O-O-O Qh5 15.Rhf1 Bh3
16.Rfe1 Bg4 17.e6 f6 18.Rf1 Bh3 19.Rf2 a5 20.Bc3 b5 21.Bxb5 g4 22.Ne5 fxe5
23.Qc4 O-O 24.Ba4 f3 25.Re1 Rf5 26.Kb1 Qe8 27.Bxe5 Qd8 28.Qe4 Rf8 29.Bb3 Na6
30.Bd4 c5 31.c3 Qe8 32.Bc2 Qg6 33.Qe5 Qf6 34.Qh5 h6 35.Bxf6 Rxf6 36.Bf5 Rd8
37.Bxg4 Bg2 38.Kc2 Nc7 39.c4 Rd4 40.Qe5 Rxc4+ 41.Kb1 Ne8 42.Bh5 Nd6 43.Qd5 Rf5
44.Qa8+ Kg7 45.g4 Rf8 46.Qa7 Kf6 47.h4 Nc8 48.Qb7 Kg7 49.Qd5 Rff4 50.Qd3 Kh8
51.Bf7 Rxg4 52.Qd7 Rcd4 53.Qxc8+ Kh7 54.Qb7 Bd6 55.Bg6+  1-0

[Event "Reggio mem Chicco"]
[Site "Reggio Emilia"]
[Date "1991.??.??"]
[Round "?"]
[White "Ceschia, Ivano"]
[Black "Mokry, Karel"]
[Result "0-1"]
[WhiteElo "2340"]
[BlackElo "2510"]

1.e4 d6 2.d4 Nf6 3.Nc3 c6 4.Nf3 Bg4 5.h3 Bh5 6.g4 Bg6 7.Qe2 e6 8.Bg5 Be7
9.O-O-O Nxe4 10.Nxe4 Bxe4 11.Qxe4 Bxg5+ 12.Kb1 d5 13.Qe5 Bf6 14.Qe3 Nd7 15.g5 Be7
16.h4 Qc7 17.h5 O-O-O 18.Bh3 g6 19.Bg4 Bd6 20.Rh4 Bf4 21.Qa3 Kb8 22.hxg6 hxg6
23.Rxh8 Rxh8 24.Qe7 Nb6 25.Qf6 Rh7 26.Re1 Nd7 27.Qe7 Bd6 28.Qe8+ Qc8 29.Qxc8+ Kxc8
30.c3 Bf4 31.Kc2 Kd8 32.b3 Nb6 33.Kd3 Nc8  0-1

[Event "Reggio mem Chicco"]
[Site "Reggio Emilia"]
[Date "1991.??.??"]
[Round "?"]
[White "Manca, Federico"]
[Black "Mokry, Karel"]
[Result "1/2-1/2"]
[WhiteElo "2420"]
[BlackElo "2510"]

1.e4 d6 2.d4 Nf6 3.Nc3 c6 4.g3 Nbd7 5.Bg2 e5 6.Nge2 b5 7.a3 Bb7 8.O-O a5
9.h3 b4 10.Na4 c5 11.dxc5 dxc5 12.f3 c4 13.b3 cxb3 14.cxb3 Nc5 15.Be3 Nxa4
16.bxa4 Bd6 17.axb4 axb4 18.Nc1 O-O 19.Nb3 Qe7 20.Rf2 Rfc8 21.Rd2 Ne8 22.a5 Rc3  1/2-1/2

[Event "Reggio mem Chicco"]
[Site "Reggio Emilia"]
[Date "1991.??.??"]
[Round "?"]
[White "Belotti, Bruno"]
[Black "Beil, Zdenek"]
[Result "1-0"]
[WhiteElo "2460"]
[BlackElo "2345"]

1.e4 d6 2.d4 Nf6 3.Nc3 c6 4.f4 Qa5 5.Bd3 e5 6.dxe5 dxe5 7.f5 Nbd7 8.Nf3 Bc5
9.Qe2 b5 10.Bd2 Qb6 11.a4 Bb7 12.axb5 cxb5 13.Bxb5 O-O 14.Ng5 Bd4 15.Na4 Qd6
16.Ba5 Nc5 17.c3 Nb3 18.Bb4 Qb8 19.Bxf8 Qxf8 20.Rd1 Bb6 21.Bc4 Nd4 22.Qd3 Rc8
23.Nxb6 axb6 24.Bxf7+ Kh8 25.Ba2  1-0

[Event "Reggio mem Chicco"]
[Site "Reggio Emilia"]
[Date "1991.??.??"]
[Round "?"]
[White "Godena, Michele"]
[Black "Mokry, Karel"]
[Result "1/2-1/2"]
[WhiteElo "2405"]
[BlackElo "2510"]

1.e4 d6 2.d4 Nf6 3.Nc3 c6 4.Nf3 Bg4 5.h3 Bh5 6.Be2 e6 7.O-O Be7 8.Nd2 Bxe2
9.Qxe2 d5 10.e5 Nfd7 11.Qg4 g6 12.Nf3 h6 13.Ne2 Na6 14.Rd1 Nf8 15.c3 Nc7
16.Be3 Qd7 17.Ne1 O-O-O 18.f4 h5 19.Qf3 h4 20.Nd3 Ne8 21.a4 Qc7 22.Nf2 Ng7
23.Ng4 Nf5 24.Bf2 Kb8 25.Kh1 Nd7 26.b4 Nb6 27.Ng1 Nc4 28.Qe2 g5 29.fxg5 Bxg5
30.Rd3 Rdg8 31.Rf1 Bf4 32.Rf3 Bg3 33.Rxf5 exf5 34.Ne3 Bxf2 35.Rxf2 Nxe3 36.Qxe3 Rg3
37.Qd2 Rhg8 38.Ne2 R3g5 39.Nf4 a5 40.b5 Rg3 41.Ne2 R3g7 42.Nf4 Rg3 43.Ne2 R3g7  1/2-1/2

[Event "Salamanca"]
[Site "Salamanca"]
[Date "1991.??.??"]
[Round "8"]
[White "Zapata, Alonso"]
[Black "Rivas Pastor, Manuel"]
[Result "1-0"]
[WhiteElo "2530"]
[BlackElo "2450"]

1.e4 d6 2.d4 Nf6 3.Nc3 c6 4.a4 Qc7 5.Nf3 Bg4 6.h3 Bxf3 7.Qxf3 e5 8.dxe5 dxe5
9.Bc4 Be7 10.g4 O-O 11.h4 b5 12.Bb3 b4 13.Ne2 c5 14.g5 Nfd7 15.Bd5 Nc6 16.g6 hxg6
17.h5 g5 18.Qf5 Qd6 19.Bxg5 Rae8 20.Rg1 Kh8 21.O-O-O Nd4 22.Nxd4 cxd4 23.Bxe7 Rxe7
24.Rg6 Qxd5 25.Rxg7 Kxg7 26.exd5 Rh8 27.d6 Re6 28.Qg5+  1-0

[Event "Salamanca"]
[Site "Salamanca"]
[Date "1991.??.??"]
[Round "10"]
[White "Sanz Alonso, Francisco Javier"]
[Black "Rivas Pastor, Manuel"]
[Result "1/2-1/2"]
[WhiteElo "2415"]
[BlackElo "2450"]

1.e4 d6 2.d4 Nf6 3.Nc3 c6 4.a4 Qc7 5.Nf3 e5 6.Bc4 Bg4 7.dxe5 dxe5 8.h3 Bh5
9.Qe2 Bb4 10.Bd2 Nbd7 11.O-O O-O 12.Bd3 a5 13.g4 Bg6 14.Nh4 Nc5  1/2-1/2

[Event "UKR-chT"]
[Site "Simferopol"]
[Date "1991.??.??"]
[Round "?"]
[White "Ginsburg, Gennadij"]
[Black "Okhotnik, Vladimir"]
[Result "1-0"]
[WhiteElo "2350"]
[BlackElo "2425"]

1.e4 d6 2.d4 Nf6 3.Nc3 c6 4.a4 g6 5.Nf3 Bg7 6.h3 O-O 7.Be3 Nbd7 8.a5 e5 9.dxe5 Nxe5
10.Nxe5 dxe5 11.Qxd8 Rxd8 12.Bc4 Re8 13.Ke2 Bf8 14.Ra4 Kg7 15.b4 a6 16.Rb1 Nh5
17.Ra2 Nf4+ 18.Kf1 Be6 19.Bxe6 Nxe6 20.Na4 Rad8 21.c4 f5 22.b5 f4 23.Ba7 Rd7
24.Rab2 axb5 25.cxb5 cxb5 26.Rxb5 Nd8 27.Nc3 f3 28.Nd5 fxg2+ 29.Kxg2 Re6
30.Bb6 Nf7 31.Bc7 Ra6 32.Rxb7 Bc5 33.Rb8 Kh6 34.Bb6 Bxb6 35.axb6 Nd6 36.Nf6 Rf7
37.Ng4+ Kg7 38.Nxe5 Re7 39.Nf3 Rb7 40.Rxb7+ Nxb7 41.Ne5 Kf6 42.Ng4+ Ke6 43.Kg3 Ra3+
44.f3 h5 45.Nf2 g5 46.Rb5 Kf6 47.e5+ Kg6 48.Ne4 h4+ 49.Kg4 Ra1 50.f4 Rg1+
51.Kf3 Rh1 52.Nxg5  1-0

[Event "Belavenets mem op"]
[Site "Smolensk"]
[Date "1991.??.??"]
[Round "?"]
[White "Varavin, Viktor"]
[Black "Mishuchkov, Nikolai M"]
[Result "1/2-1/2"]
[WhiteElo "2455"]
[BlackElo "2405"]

1.e4 d6 2.d4 Nf6 3.Nc3 e5 4.dxe5 dxe5 5.Qxd8+ Kxd8 6.f4 Bd6 7.fxe5 Bxe5 8.Bd2 Bg4
9.Nf3 Nbd7 10.O-O-O Ke7 11.h3 Be6 12.Nxe5 Nxe5 13.Bf4 Nfd7 14.Nd5+ Bxd5 15.exd5 f6
16.g4 Rae8 17.g5 fxg5 18.Bxg5+ Kd6 19.Bg2 Rhf8 20.Rhf1 Rxf1 21.Rxf1 Rf8 22.Rxf8 Nxf8
23.b3 c6 24.dxc6 Nxc6 25.Bf4+ Kd7 26.c4 Ne6 27.Be3 b6 28.Kd2 Ne5 29.Be4 h6
30.Kc3 g5 31.a4 g4 32.h4 g3 33.Bxh6 Ng4 34.Bd2 Kd6 35.Bf3 Nh2 36.Bg2 Ke5
37.h5 Ng4 38.h6 Kf6 39.b4 Ne5 40.Be1 Nf4 41.Bxg3 Ne2+ 42.Kb3 Nxg3 43.a5 bxa5
44.b5 a4+ 45.Kxa4 Nxc4 46.Kb4 Nd6  1/2-1/2

[Event "St Martin op"]
[Site "St Martin"]
[Date "1991.??.??"]
[Round "8"]
[White "Renet, Olivier"]
[Black "Moskalenko, Viktor"]
[Result "1-0"]
[WhiteElo "2495"]
[BlackElo "2525"]

1.e4 d6 2.d4 Nf6 3.Nc3 c6 4.f4 Qa5 5.Bd3 e5 6.Nf3 Bg4 7.Be3 Nbd7 8.O-O Be7
9.h3 Bxf3 10.Qxf3 O-O 11.Ne2 c5 12.dxe5 dxe5 13.Nc3 Rac8 14.Bb5 exf4 15.Bxf4 Nb6
16.e5 Ne8 17.Qxb7 Nc7 18.e6 Nxb5 19.Qxe7 Nxc3 20.bxc3 Nd5 21.exf7+ Kh8 22.Qe6 Nxf4
23.Rxf4 Qxc3 24.Qxc8  1-0

[Event "Star Dojran"]
[Site "Star Dojran"]
[Date "1991.??.??"]
[Round "2"]
[White "Gicev, Blagoja"]
[Black "Rashkovsky, Nukhim N"]
[Result "0-1"]
[WhiteElo "2315"]
[BlackElo "2535"]

1.e4 d6 2.d4 Nf6 3.Nc3 c6 4.Nf3 Bg4 5.Be2 e6 6.O-O Be7 7.Be3 O-O 8.a4 d5
9.e5 Nfd7 10.Ne1 Bxe2 11.Nxe2 c5 12.f4 cxd4 13.Nxd4 Nc6 14.Nd3 Rc8 15.f5 Nxd4
16.Bxd4 exf5 17.Rxf5 Nc5 18.Nxc5 Bxc5 19.Bxc5 Rxc5 20.c3 Rc4 21.Qf3 Qb6+
22.Kh1 Qe6 23.Rf4 Rxf4 24.Qxf4 Re8 25.Rd1 Qxe5 26.Qxe5 Rxe5 27.c4 Kf8 28.cxd5 Ke7
29.Kg1 Kd6  0-1

[Event "Strasbourg op"]
[Site "Strasbourg"]
[Date "1991.??.??"]
[Round "6"]
[White "Prie, Eric"]
[Black "Vatter, Hans Joachim"]
[Result "1-0"]
[WhiteElo "2460"]
[BlackElo "2310"]

1.d4 d6 2.e4 Nf6 3.Nc3 c6 4.f4 Qa5 5.Bd3 e5 6.Nf3 Nbd7 7.Qe2 Be7 8.Bd2 Qc7
9.O-O-O a6 10.g4 Nxg4 11.Rhg1 Ngf6 12.Rxg7 Nh5 13.Rxf7 Nxf4 14.Bxf4 exf4
15.Rxe7+ Kxe7 16.Qg2 Rf8 17.Qg5+ Ke8 18.e5 d5 19.Bxh7 Rf7 20.e6 Rxh7 21.Qg6+  1-0